[Event "Superbet Blitz GCT 2019"]
[Site "Bucharest"]
[Date "2019.11.10"]
[Round "10"]
[White "Aronian, Levon"]
[Black "Mamedyarov, Shakhriyar"]
[Result "1-0"]
[WhiteElo "2772"]
[BlackElo "2772"]
[Annotator "TA"]
[PlyCount "113"]
[EventDate "2019.11.09"]
[EventType "tourn"]
[EventCountry "ROU"]
[SourceTitle "playchess.com"]
[Source "ChessBase"]
[SourceQuality "1"]

{[%evp 17,113,0,0,0,2,0,10,0,10,0,12,0,0,-14,0,0,11,0,14,11,11,13,15,0,13,10,7,0,0,0,0,0,0,0,56,17,16,16,30,28,50,0,0,0,18,8,10,16,14,0,14,17,18,12,54,54,139,41,190,68,171,27,238,218,204,56,78,47,145,47,62,54,50,0,62,62,129,129,129,129,227,99,99,0,172,172,172,172,172,172,172,172,12821,6544,29992,29993,29993,29994]} 1. e4 e5 2. Nf3 Nc6 3. Bc4 Bc5 4. c3 Nf6 5. d4 exd4 6. e5 d5 7. Bb5 Ne4 8. cxd4 Bb6 9. Nc3 O-O 10. Be3 {C54: Giuoco Piano: 4 c3 Nf6, main lines with 5 d4 and 5 d3} f5 11. exf6 Rxf6 12. Rc1 $146 {The position is equal.} ({Predecessor:} 12. O-O Bg4 13. Be2 Qd6 14. Qb3 Nxc3 15. bxc3 Raf8 16. Rfe1 h6 17. a4 Na5 {½-½ (32) Perez Candelario,M (2591)-Anton Guijarro,D (2656) Las Palmas 2017}) 12... Ne7 13. O-O c6 14. Be2 h6 15. Ne5 Nd6 16. g4 Nf7 17. f4 Nxe5 18. fxe5 Rxf1+ 19. Qxf1 Be6 20. Qf2 Ng6 21. Na4 {[%cal Bc3a4,Ba4c5,Bc5d3,Bd3f4][%mdl 32]} Qe7 22. a3 Rf8 23. Qg3 Bc7 24. Nc5 Bc8 {[%cal Rg6e5]} 25. Nd3 Qh4 (25... Bd8 $11) 26. Qxh4 (26. Nf4 $5 {[%cal Rf4g6]} Qxg3+ 27. hxg3 $14) 26... Nxh4 27. Rf1 Re8 28. Nf4 Bb6 29. Bf2 Rf8 30. Be3 $1 (30. Bxh4 Bxd4+ 31. Kg2 g5 $17) 30... g5 31. Nh5 (31. Nd3 {is more complex.} Ng6 32. Kg2 Rxf1 33. Kxf1 Nf8 34. b4) 31... Rxf1+ 32. Kxf1 Kf7 33. h3 a5 34. Kf2 Ng6 35. Ng3 Nf4 (35... c5 $5 36. dxc5 Bc7 $11) 36. Bf1 $1 a4 (36... h5 $14) 37. Kf3 (37. Nf5 $16 {And now Nd6+ would win.} Bd7 38. Kf3) 37... Kg6 (37... Ne6 $14) 38. h4 (38. Bxf4 $18 Bxd4 39. Bd3+ Kf7 40. e6+ Bxe6 41. Bd6) 38... Be6 (38... Bd8 $1 $14) 39. h5+ (39. Bxf4 $18 gxf4 40. Bd3+ (40. Kxf4 Bxd4 41. Bd3+ Kf7 $17) 40... Kf7 41. Ne2 (41. Kxf4 Bxd4 42. Nf5 Bxb2 $17)) 39... Kh7 $2 (39... Kg7 $11) 40. Bxf4 $18 gxf4 {[%mdl 4096] Endgame KBB-KBN} 41. Ne2 ({White must play} 41. Bd3+ $1 $18 Kg7 42. Ne2 (42. Kxf4 Bxd4 43. Nf5+ Bxf5 $17)) 41... Bd7 42. Kxf4 Bd8 {[#]} (42... Kg7 $14) 43. Kf3 (43. Nc3 $1 $16) 43... Kg7 44. Nf4 Bb6 $1 {[%cal Rb6d4]} 45. Ne2 (45. e6 {is interesting.} Be8 46. Ke3 Bc7 47. Bd3 Kf6 48. Bh7) 45... Be6 (45... Bd8 $11) 46. Bh3 Ba5 ({Black should try} 46... Bd7 $14) 47. Nf4 $16 Bg8 48. Ke3 b5 {[#]} (48... Bd8 $16 {might work better.}) 49. Nd3 (49. g5 $1 $18 {[%mdl 512] is more deadly.}) 49... Be6 50. Nf4 (50. Ke2 $16) 50... Bc8 $2 (50... Bg8 $1 $11 {and Black stays safe.}) 51. g5 $18 hxg5 52. Bxc8 gxf4+ 53. Kxf4 {KB-KB} Bd2+ 54. Kf5 b4 $2 (54... Be3) 55. e6 {Intending Bd7 and mate.} Bc3 {[#]} 56. h6+ $1 {[%mdl 512]} Kf8 (56... Kxh6 57. e7) 57. bxc3 {Accuracy: White = 38%, Black = 31%.} 1-0

[Event "Superbet Blitz GCT 2019"]
[Site "Bucharest"]
[Date "2019.11.10"]
[Round "10"]
[White "Anand, Viswanathan"]
[Black "Caruana, Fabiano"]
[Result "1-0"]
[WhiteElo "2757"]
[BlackElo "2822"]
[Annotator "TA"]
[PlyCount "123"]
[EventDate "2019.11.09"]
[EventType "tourn"]
[EventCountry "ROU"]
[SourceTitle "playchess.com"]
[Source "ChessBase"]
[SourceQuality "1"]

{[%evp 12,123,71,75,97,97,95,93,114,108,112,98,107,66,53,45,109,86,139,121,154,124,106,129,121,129,144,145,150,150,148,149,148,149,171,162,182,176,203,201,189,174,193,184,238,209,241,228,257,258,260,262,302,306,306,294,302,302,316,283,379,352,353,322,426,348,408,346,500,441,649,627,639,638,623,586,1106,1039,1839,1986,1679,1666,29975,1179,1209,1057,1244,1163,1149,1206,1267,1287,1268,1140,2018,1512,29979,29980,29980,29981,29979,29979,29987,29987,29986,29987,29992,29987,29986,29982,29981,29982,29982,29983]} 1. e4 e6 2. d4 d5 3. Nc3 Bb4 4. e5 Qd7 5. Qg4 f5 6. Qg3 b6 7. Bd2 Nc6 {C16: French: 3 Nc3 Bb4 4 e5: Lines without ...c5} 8. Bb5 {[#] Strongly threatening Bxc6.} Bb7 9. a3 Bf8 {White is better.} 10. Nf3 $146 ({Predecessor:} 10. Nce2 Nh6 11. Nf3 O-O-O 12. Nf4 Nf7 13. h4 a6 14. Ba4 g6 15. O-O Be7 16. c4 g5 17. hxg5 Nxg5 18. Nxg5 Rdg8 19. cxd5 exd5 20. e6 Qe8 21. Nxd5 Bd6 22. Nxb6+ {1-0 (22) Oll,L (2510)-Iailian,M (2325) Moscow 1989}) 10... O-O-O 11. h4 Nh6 12. Bxh6 (12. Ne2 {keeps more tension.} a6 13. Bd3 Nf7 14. O-O g6 15. a4) 12... gxh6 13. Ne2 Be7 (13... a6 $14 14. Bxc6 Bxc6) 14. Qf4 $16 Rdg8 (14... Bf8 $142) 15. g3 ({Don't take} 15. Qxh6 $6 Rg6 $14) 15... Rg6 16. Qd2 a6 17. Bd3 Na5 18. Nf4 Nc4 19. Qc1 Rg4 20. b3 Na5 21. O-O Rhg8 22. Kh2 c5 23. b4 $36 {[%mdl 2048] Black is under strong pressure.} cxb4 24. axb4 Nc4 25. c3 Kb8 26. Ng2 R4g6 27. Re1 b5 (27... Bd8 {is a better defense.}) 28. Nf4 $18 Rg4 29. Be2 Bd8 30. Ng1 R4g7 31. Ngh3 Qf7 32. Nd3 Be7 33. Qxh6 Rg6 34. Qc1 Qf8 35. Rg1 Rh6 36. h5 Bc8 37. Nhf4 Rg5 38. Kg2 Ka7 39. Rh1 Qg8 (39... a5 $142 40. bxa5 Rg8) 40. Nh3 Kb6 (40... Rgxh5 $142 41. Bxh5 Rxh5) 41. Nxg5 Bxg5 42. f4 Be7 43. Kf2 Bd7 44. Nc5 Bxc5 45. dxc5+ Kb7 46. Bxc4 dxc4 47. Qd1 (47. Rd1 $142 Qc8 48. Qa3 Kb8 49. Qa5 Qb7 {[#]} 50. Rd6 $1 {[%mdl 512]} Kc8 51. Rxa6 Bc6 52. Rd1) 47... Bc6 48. Rh2 Bd5 49. Ra2 Qe8 50. g4 fxg4 51. Qxg4 Qf8 52. Ke3 Bc6 53. Rh3 a5 54. Rg3 {White mates.} a4 55. Qg7+ Qxg7 56. Rxg7+ {[%mdl 4096] Endgame KRR-KRB} Ka6 57. Rd2 Bd5 58. Rg5 Bc6 59. f5 exf5 60. Rd6 Rxd6 61. cxd6 Bd7 62. Kd4 {Accuracy: White = 79%, Black = 34%.} 1-0

[Event "Superbet Blitz GCT 2019"]
[Site "Bucharest"]
[Date "2019.11.10"]
[Round "10"]
[White "Karjakin, Sergey"]
[Black "So, Wesley"]
[Result "1/2-1/2"]
[WhiteElo "2754"]
[BlackElo "2760"]
[Annotator "TA"]
[PlyCount "78"]
[EventDate "2019.11.09"]
[EventType "tourn"]
[EventCountry "ROU"]
[SourceTitle "playchess.com"]
[Source "ChessBase"]
[SourceQuality "1"]

{[%evp 9,78,8,15,0,4,0,6,0,6,0,6,2,0,0,0,0,4,0,11,4,12,14,20,12,10,26,25,7,2,-2,22,15,23,15,26,23,48,47,58,-18,125,78,64,51,60,49,131,62,53,33,260,21,22,33,34,32,26,7,7,7,14,0,0,0,0,0,0,-8,-4,-8,0]} 1. Nf3 d5 2. d4 Nf6 3. e3 c5 4. Nbd2 Nc6 5. dxc5 e6 6. a3 {D04: Colle System} a5 7. Bb5 Bxc5 8. O-O O-O 9. b3 Qe7 10. Bb2 Rd8 $146 ({Predecessor:} 10... Bd6 11. Re1 e5 12. e4 Nxe4 13. Nxe4 dxe4 14. Rxe4 {0-1 (45) Kramnik,V (2811)-Gelfand,B (2724) Zuerich 2017}) 11. Qe2 Bd7 12. Rfd1 Rac8 13. c4 h6 14. h3 Be8 15. cxd5 Nxd5 16. Ne4 Ba7 17. Rac1 Bb8 18. Bd3 f5 19. Ng3 Nf6 (19... f4 $5 {[%cal Rf4g3]} 20. Nf1 fxe3 21. fxe3 (21. Nxe3 Nf4 $11) 21... Bd6 $11) 20. e4 f4 21. e5 $36 {[%mdl 2048] Black is under pressure.} fxg3 22. exf6 gxf6 23. fxg3 Bxg3 24. Qe3 (24. Rf1 $14) 24... h5 (24... e5 $1 $11 25. Rc4 (25. Qxh6 Bf4 $17) 25... h5) 25. Qh6 Qg7 26. Qxf6 Qxf6 27. Bxf6 {aiming for Ng5.} Rd7 {[#]} ({Better is} 27... Bf4 $14 28. Ra1 (28. Bxd8 Be3+ 29. Kf1 Bxc1 $16) 28... Rd5) 28. Bc4 ({White should try} 28. Ng5 $1 $16 {Bc4 is the strong threat.} Bf4 29. Bc4 Rxd1+ 30. Rxd1 Be3+ 31. Kf1 Bxg5 32. Bxe6+ (32. Bxg5 Bf7 $16) 32... Bf7 33. Bxf7+ Kxf7 34. Bxg5) 28... Kf7 $14 29. Bg5 {And now Rf1 would win.} a4 $2 (29... Rxd1+ $14 30. Rxd1 Ne5) 30. bxa4 $2 (30. Rf1 $18) 30... Rxd1+ $11 31. Rxd1 Ne5 32. Nxe5+ Bxe5 33. Bb5 Bxb5 {The position is equal.} 34. axb5 {[%mdl 4096] Endgame KRB-KRB} Rc3 35. h4 Kg6 36. a4 Ra3 37. Rd7 b6 38. Kf1 Rxa4 39. Be3 Rb4 {Accuracy: White = 38%, Black = 60%.} 1/2-1/2

[Event "Superbet Blitz GCT 2019"]
[Site "Bucharest"]
[Date "2019.11.10"]
[Round "10"]
[White "Artemiev, Vladislav"]
[Black "Giri, Anish"]
[Result "1-0"]
[WhiteElo "2731"]
[BlackElo "2776"]
[Annotator "TA"]
[PlyCount "67"]
[EventDate "2019.11.09"]
[EventType "tourn"]
[EventCountry "ROU"]
[SourceTitle "playchess.com"]
[Source "ChessBase"]
[SourceQuality "1"]

{[%evp 16,84,7,14,16,-4,24,-12,-22,-11,-17,-25,-15,-39,0,-8,0,10,0,0,10,0,0,0,12,-17,-16,-32,-3,-52,-8,-19,-24,-71,-61,-69,-68,-71,-58,-86,-60,-63,0,0,48,8,18,15,171,0,0,0,0,-119,51,62,51,51,58,51,116,0,0,0,41,73,1557,1400,29997,29996,29999]} 1. b3 d5 2. Bb2 Nf6 3. Nf3 g6 4. c4 dxc4 5. bxc4 Bg7 6. g3 c5 7. Bg2 O-O 8. O-O Nc6 9. d3 Qc7 {A05: Réti Opening: 1 Nf3 Nf6} (9... Rb8 10. Nc3 b6 11. e3 Bb7 12. Qe2 e6 13. Rfd1 Qe7 14. Rac1 Rfd8 15. d4 Na5 16. Ba3 Nd7 17. Nb5 {1-0 (70) Edouard,R (2636)-Bartel,M (2622) Berlin 2015}) 10. Nbd2 b6 11. Qc2 $146 (11. Ne5 $5 Bb7 12. Nxc6 Bxc6 13. Bxc6 Qxc6 14. a4 $11) ({Predecessor:} 11. Ne5 Bb7 12. Nxc6 Bxc6 13. Bxc6 Qxc6 14. a4 {1-0 (74) Dizdarevic,E (2498)-Zufic,M (2439) Bosnjaci 2013}) 11... Bb7 {The position is equal.} 12. Bc3 Rad8 13. Qb2 Ne8 (13... Rfe8 {with more complications.} 14. Rad1 Ba8 15. a4 e5 16. a5 bxa5 17. Ra1 Nd7) 14. Ne4 Bxc3 (14... e5 {looks sharper.} 15. Ned2 f5 16. Rfe1 Nd4 17. Rad1 Nd6) 15. Nxc3 Nf6 16. Rfd1 Rfe8 17. Rab1 Qb8 18. Qd2 Kg7 19. Qb2 Kg8 20. Rd2 Nd4 21. Ne1 h5 22. h3 e5 23. e4 {[#]} h4 $1 {[%mdl 512]} 24. Kh2 (24. gxh4 Nh5) 24... Nh5 25. Nf3 hxg3+ 26. fxg3 Qd6 27. Rf1 Re7 28. Rdf2 Rf8 ({Black should try} 28... f5 $1 $15) 29. Qd2 $11 Kg7 30. Nh4 f6 $1 31. Qd1 {Threatens to win with Qg4.} Qd7 $2 {[#]} (31... Bc8 $11) 32. Nb5 $2 (32. Qg4 $1 $18 {[%cal Rg4g6]} Qe8 33. Nf5+ Nxf5 34. exf5) 32... Nxb5 33. cxb5 Bc8 34. Nf5+ {Played: Rf2-f5} 1-0

[Event "Superbet Blitz GCT 2019"]
[Site "Bucharest"]
[Date "2019.11.10"]
[Round "10"]
[White "Le, Quang Liem"]
[Black "Korobov, Anton"]
[Result "1-0"]
[WhiteElo "2713"]
[BlackElo "2670"]
[Annotator "TA"]
[PlyCount "83"]
[EventDate "2019.11.09"]
[EventType "tourn"]
[EventCountry "ROU"]
[SourceTitle "playchess.com"]
[Source "ChessBase"]
[SourceQuality "1"]

{[%evp 15,83,0,0,0,0,-2,-8,0,-2,-4,0,-12,0,0,8,16,7,9,39,33,37,27,43,35,51,65,120,124,189,176,172,176,188,186,190,144,155,118,128,128,140,131,137,134,143,150,155,60,114,62,107,101,153,130,147,101,110,110,267,270,314,252,437,420,818,808,772,758,29981,4990]} 1. e4 c5 2. Nf3 d6 3. d4 cxd4 4. Nxd4 Nf6 5. Nc3 a6 6. Be2 e5 7. Nb3 Be7 8. Be3 Be6 9. Qd3 {B92: Sicilian Najdorf: 6 Be2} (9. Nd5 Nbd7 10. Qd3 O-O 11. O-O Bxd5 12. exd5 Rc8 13. c4 Ne8 14. f3 g6 15. Kh1 Ng7 16. Bg1 Bg5 17. Rad1 h5 18. Nd2 f5 19. b4 h4 20. c5 dxc5 21. d6 cxb4 {1-0 (45) Karjakin,S (2782)-Grischuk,A (2766) Paris 2018}) 9... O-O 10. Nd5 Nxd5 11. exd5 {The position is equal.} Bc8 12. O-O Nd7 13. a4 b6 14. f4 exf4 $146 ({Predecessor:} 14... Re8 15. fxe5 Nxe5 16. Qd2 Bg4 {½-½ (25) Antonov,N (2429)-Mercader Martinez,J (2375) ICCF email 2015}) 15. Bxf4 Nc5 16. Qc4 Nxb3 17. Qxb3 Re8 18. Be3 Rb8 19. Bd4 Bf8 20. Qf3 $36 {[%mdl 2048] White has the initiative.} Qc7 (20... f5 $14) 21. Bd3 $16 Re5 (21... f5 $16) 22. Bxe5 $18 dxe5 23. Rae1 Bd6 24. Kh1 Qe7 25. Qe2 a5 26. Bf5 Bb7 27. Be4 g6 28. g4 $1 Bc8 29. Qg2 Bd7 30. b3 Qg5 31. Bf3 (31. Qf3 $16 Rf8 32. Qf6 Qxf6 33. Rxf6) 31... Rd8 (31... f5 $14) 32. c4 ({White should try} 32. Qg1 $16) 32... Bc8 33. Re2 Kg7 (33... Rf8 $142 34. Qg1 Bc5) 34. Qf2 $16 Bc5 35. Qg3 Bd6 {aiming for ...e4!} 36. h4 Qe7 $2 (36... Qf4 $16 {is a better defense.} 37. Qxf4 exf4) 37. Be4 $18 f6 38. Rg2 Kh8 $2 (38... Bc5 39. h5 g5) 39. h5 f5 (39... g5 $142 40. Qf2 Rf8 41. Qxb6 Bb4) 40. gxf5 gxf5 41. Bxf5 Rf8 42. Rfg1 {Accuracy: White = 70%, Black = 31%.} (42. h6 $142 Rd8 43. Qg7+ Qxg7 44. hxg7+ Kg8 {[#]} 45. Bxh7+ $1 {[%mdl 576] Promotion} Kxh7 46. g8=R $1 {[%mdl 512]} Rxg8 47. Rf7+ Kh6 48. Rxg8) 1-0

[Event "Superbet Blitz GCT 2019"]
[Site "Bucharest"]
[Date "2019.11.10"]
[Round "11"]
[White "Caruana, Fabiano"]
[Black "Artemiev, Vladislav"]
[Result "0-1"]
[WhiteElo "2822"]
[BlackElo "2731"]
[Annotator "TA"]
[PlyCount "64"]
[EventDate "2019.11.09"]
[EventType "tourn"]
[EventCountry "ROU"]
[SourceTitle "playchess.com"]
[Source "ChessBase"]
[SourceQuality "1"]

{[%evp 9,64,-6,-11,-8,-2,-2,-8,-3,-2,-6,0,-7,17,0,-2,-39,-39,-38,-28,-52,-41,-37,-46,-36,-36,-57,-43,-42,-34,-60,-42,-72,-61,-71,-74,-81,-71,-64,-69,-66,-74,-57,0,-146,-145,-231,-222,-225,-237,-304,-314,-312,-329,-614,-614,-837,-822]} 1. e4 c5 2. Nf3 a6 3. c3 d5 4. e5 (4. exd5 Qxd5 5. d4 Nf6 6. Be2 cxd4 7. cxd4 e6 8. Nc3 Qd6 9. Ne5 Nc6 10. Nxc6 bxc6 11. O-O Be7 12. Bg5 O-O 13. Qd2 a5 14. Rfd1 {½-½ (35) Saric,I (2680)-Artemiev,V (2761) Poikovsky 2019}) 4... Nc6 5. d4 cxd4 6. cxd4 {B28: Sicilian: 2 Nf3 a6 (O'Kelly Variation)} Bg4 7. Be2 e6 8. Nbd2 {The position is equal.} Bb4 $146 ({Predecessor:} 8... Nge7 9. O-O Nf5 10. h3 Bxf3 11. Nxf3 Be7 {½-½ (29) Buerger,H (1900)-Bruziks,G (1911) Heimbach Weis 2014}) 9. O-O Nge7 10. Nb3 O-O 11. a3 Ba5 12. Nc5 Bb6 13. b4 $1 Bxc5 14. bxc5 b6 15. cxb6 $1 Qxb6 16. Be3 $1 Nf5 17. Rb1 Qa7 18. Bd3 h6 19. Qa4 Nce7 20. Nd2 Nxe3 21. fxe3 Bf5 22. Rb3 Bxd3 23. Rxd3 Rac8 24. Nb3 Rc4 $36 {[%mdl 2048] Black is in control.} 25. Qa5 Rc2 ({Black should try} 25... Rfc8 $15) 26. Nc5 {[#]} (26. Rc3 $11 Rb2 27. Rf2 Rb1+ 28. Rf1 Rxf1+ 29. Kxf1) 26... Rb8 $1 $17 27. Rb3 (27. Kh1 $17 {was necessary.}) 27... Rxb3 $19 28. Nxb3 {And now Qd8+ would win.} Nf5 29. Nc5 Qe7 {( -> ...Qg5!)} ({Much less strong is} 29... Nxe3 30. Qd8+ Kh7 31. Nd7 $19) 30. Qe1 {[#] intending Rf2.} Qg5 $1 {[%csl Gc2,LRe3,LRg2][%cal Rg5g2][%mdl 576] Double Attack} 31. Rf2 $2 {[#]} (31. g3) 31... Nxd4 $1 {[%mdl 512]} 32. Rxc2 (32. exd4 Rc1) 32... Nf3+ {[%mdl 64] Double Attack. Accuracy: White = 44%, Black = 88%.} 0-1

[Event "Superbet Blitz GCT 2019"]
[Site "Bucharest"]
[Date "2019.11.10"]
[Round "11"]
[White "Giri, Anish"]
[Black "So, Wesley"]
[Result "1/2-1/2"]
[WhiteElo "2776"]
[BlackElo "2760"]
[Annotator "TA"]
[PlyCount "71"]
[EventDate "2019.11.09"]
[EventType "tourn"]
[EventCountry "ROU"]
[SourceTitle "playchess.com"]
[Source "ChessBase"]
[SourceQuality "1"]

{[%evp 17,71,11,20,10,18,11,0,0,0,0,0,0,0,0,0,7,6,0,11,3,10,0,6,0,29,11,11,14,20,19,14,0,0,-14,-14,-52,-20,-23,-22,-48,0,0,20,-51,0,0,0,0,0,0,0,0,0,0,0,0]} 1. e4 e5 2. Nf3 Nc6 3. Bc4 Bc5 4. c3 Nf6 5. d4 exd4 6. e5 d5 7. Bb5 Ne4 8. cxd4 Bb6 9. Nc3 O-O 10. Be3 {C54: Giuoco Piano: 4 c3 Nf6, main lines with 5 d4 and 5 d3} Bg4 11. h3 Bh5 12. Qc2 Nxc3 13. bxc3 f6 14. exf6 Qxf6 15. Be2 Na5 16. O-O Rae8 17. Ne5 Bxe2 18. Qxe2 {[#] With the idea Nd7.} Qe6 $146 19. f4 Nc4 20. Rae1 Nxe5 21. dxe5 g5 22. Bxb6 Qxb6+ 23. Kh1 gxf4 24. e6 {Threatens to win with Qg4+.} Qd6 25. Qg4+ Kh8 26. Re2 Re7 27. Rfe1 f3 28. gxf3 {[#] Qd4+ is the strong threat.} Rg7 29. Qh5 {Strongly threatening e7.} Qe7 30. Re5 (30. Rg2 $11 Rxg2 31. Kxg2) 30... Rfg8 (30... c6 $15) 31. R5e2 $11 {The position is equal.} ({Much weaker is} 31. Rxd5 Qxe6 32. Rdd1 (32. Rxe6 $2 {is a self mate.} Rg1+ 33. Kh2 R8g2#) 32... Qxa2 $17) 31... Rg5 32. Qf7 Qxf7 33. exf7 Rf8 34. Re7 Rf5 35. Rxc7 R5xf7 36. Rxf7 {Accuracy: White = 57%, Black = 59%.} 1/2-1/2

[Event "Superbet Blitz GCT 2019"]
[Site "Bucharest"]
[Date "2019.11.10"]
[Round "11"]
[White "Mamedyarov, Shakhriyar"]
[Black "Anand, Viswanathan"]
[Result "0-1"]
[WhiteElo "2772"]
[BlackElo "2757"]
[Annotator "TA"]
[PlyCount "54"]
[EventDate "2019.11.09"]
[EventType "tourn"]
[EventCountry "ROU"]
[SourceTitle "playchess.com"]
[Source "ChessBase"]
[SourceQuality "1"]

{[%evp 13,54,19,18,18,20,-32,16,12,31,0,0,0,0,-36,0,-55,-38,-229,-234,-233,-99,-99,-88,-91,-95,-81,-81,-85,-35,-391,-391,-391,-383,-376,-364,-504,-504,-1543,-1493,-1673,-1530,-1660,-1560]} 1. d4 Nf6 2. c4 e6 3. Nc3 Bb4 4. Qc2 d5 5. cxd5 exd5 6. Bg5 h6 7. Bh4 O-O 8. e3 {E35: Nimzo-Indian: Classical: 4...d5 5 cxd5 exd5} Re8 (8... c5 9. dxc5 Be6 10. Nf3 Nbd7 11. Be2 Rc8 12. c6 Rxc6 13. Nd4 Rc8 14. O-O Qe7 15. Qb3 Bxc3 16. bxc3 Nc5 17. Bxf6 Qxf6 18. Qb4 b6 19. a4 Qg6 20. a5 Ne4 21. Nxe6 Qxe6 {½-½ (21) Howell,D (2697)-Adams,M (2690) Torquay 2019}) 9. Nge2 $146 (9. Nf3 $11) ({Predecessor:} 9. Nf3 c6 10. Bd3 Nbd7 11. h3 c5 12. O-O g5 13. Bg3 c4 14. Bf5 Nf8 15. Nb5 Bxf5 16. Qxf5 {0-1 (39) Schekachikhin,M (2428)-Saveliev,A (2372) St Petersburg 2019}) 9... c5 10. dxc5 {The position is equal.} Nbd7 11. O-O-O g5 12. Bg3 {aiming for h4.} Nxc5 13. h4 {And now hxg5 would win.} g4 14. Bf4 ({Better is} 14. Kb1 $11) 14... Nce4 15. Ng3 $2 {[#]} (15. Nxe4 $15 Nxe4 16. Ng3) 15... Bxc3 $1 $19 16. bxc3 Nxg3 (16... Qa5 $19 17. Nxe4 Nxe4) 17. fxg3 $17 Bd7 18. Rd4 Rc8 $36 {[%mdl 2048] Black is in control.} 19. Bd3 Qa5 20. Kb2 Re6 21. a3 $2 {[%mdl 8192]} (21. Rc1 $15) 21... Rb6+ $19 ({Weaker is} 21... Rec6 22. Rc1 $15) 22. Rb4 {[#]} d4 $1 {[%mdl 512]} 23. exd4 (23. cxd4 Rxb4+) 23... Nd5 $1 {[%csl LRb4,LRc3][%mdl 64] Double Attack} 24. Bh7+ Kh8 {Black is clearly winning.} 25. Rf1 (25. Bd2 $142 f5 26. Qb3 Kxh7 27. Rxb6 axb6 28. Rb1) 25... Rxc3 {[%mdl 64] Double Attack} 26. Be5+ f6 27. Bxf6+ Rxf6 {Accuracy: White = 35%, Black = 57%.} 0-1

[Event "Superbet Blitz GCT 2019"]
[Site "Bucharest"]
[Date "2019.11.10"]
[Round "11"]
[White "Le, Quang Liem"]
[Black "Karjakin, Sergey"]
[Result "0-1"]
[WhiteElo "2713"]
[BlackElo "2754"]
[Annotator "TA"]
[PlyCount "142"]
[EventDate "2019.11.09"]
[EventType "tourn"]
[EventCountry "ROU"]
[SourceTitle "playchess.com"]
[Source "ChessBase"]
[SourceQuality "1"]

{[%evp 9,142,26,22,22,20,16,20,8,20,6,10,0,13,8,9,16,19,0,10,4,11,0,-3,-4,0,0,0,-6,0,0,0,-32,0,0,75,60,56,46,41,0,0,-12,-14,-12,0,-119,-137,-254,-247,-244,-236,-446,-415,-425,-444,-379,0,0,0,0,0,1,85,80,115,-73,-73,-73,-73,-73,-73,-72,-36,-129,-47,-146,-78,-78,0,-93,-93,-170,-93,-93,-93,-631,-631,-631,-631,-631,-631,-631,-631,-623,-616,-616,-550,-550,-550,-543,-163,-543,-163,-194,-194,-543,-543,-535,-535,-535,-535,-29969,-29965,-29980,-29981,-29981,-29982,-29982,-29983,-29983,-29984,-29984,-29985,-29985,-29986,-29986,-29987,-29987,-29988,-29989,-29988,-29989,-29990,-29990,-29991]} 1. e4 e5 2. Nf3 Nc6 3. Bb5 Nf6 4. d3 Bc5 5. Bxc6 dxc6 6. O-O {C65: Ruy Lopez: Berlin Defence (3...Nf6), unusual lines and 4 0-0 Bc5} (6. Nbd2 Be6 7. O-O Nd7 8. Nb3 Bb6 9. Ng5 Bxb3 10. axb3 Qe7 11. Nf3 O-O 12. Nd2 Nc5 13. Nc4 f6 {1-0 (102) Dominguez Perez,L (2763)-Wang,H (2726) Khanty-Mansiysk 2019}) 6... Qe7 7. Nbd2 Bg4 8. h3 {The position is equal.} Bh5 9. Nc4 Nd7 10. a3 O-O 11. b4 Bd6 12. g4 Bg6 13. Bb2 $146 ({Predecessor:} 13. Be3 b6 {1-0 (38) Romanov,R (2393)-Becsenescu,F (2301) ICCF email 2011}) 13... Qe6 14. Nh4 b5 15. Ne3 a5 16. Qd2 $36 {[%mdl 2048] White has good play.} axb4 17. axb4 c5 18. bxc5 Nxc5 19. Nef5 Na4 20. Ba3 Bxa3 21. Rxa3 Ra6 (21... Bxf5 $11 22. Nxf5 g6) 22. Rb1 $16 Rb6 23. Qa5 Rfb8 24. Rab3 {[%cal Rb3b5]} Qd7 25. Qb4 c5 26. Qa5 f6 27. c4 (27. Nxg6 $11 hxg6 28. Ne3) 27... b4 $17 28. Ra1 (28. Ne7+ $17 Qxe7 29. Qxa4) 28... Be8 $19 29. Ne3 R6b7 $1 {[%cal Rb7a7] White must now prevent ...Ra7.} 30. Nd5 $2 (30. Nhf5) 30... Ra7 31. Rxa4 Qxa4 ({Not} 31... Rxa5 32. Rxa5 Bf7 33. Nf5 $17) 32. Qxc5 Rba8 $2 (32... Rab7 $1 $19 33. Rb1 Qc2) 33. Qxb4 $11 Qxb4 34. Rxb4 Ra3 35. Nf5 Rxd3 (35... Kf8 $11) 36. Rb7 $16 Bf7 37. Nxf6+ $2 (37. c5 $1 $16 {stays on course.}) 37... gxf6 $17 38. Nh6+ Kg7 39. Nxf7 {[%mdl 4096] Endgame KRR-KRN} Kg6 {And now ...Rf8 would win.} 40. c5 Rxh3 {Strongly threatening ...Rh4.} 41. Nd6 (41. Kg2 $1 $15 Rc3 42. Nd6) 41... Rc3 (41... Rh4 $1 $17 42. c6 Ra1+ 43. Kg2 Rxg4+ 44. Kh2 Rf4) 42. Rc7 (42. Kg2 $15) 42... Ra1+ (42... Kg5 $142 43. Kg2 Kxg4 44. Rxh7 Rg8) 43. Kg2 Rac1 (43... Ra2 $17 44. Ne8 Rcc2 45. Rg7+ Kh6) 44. Ne8 (44. Nf5 $11 {remains equal.} Kg5 45. Ng3) 44... Rxc5 45. Rg7+ Kh6 46. Rf7 Rc6 $1 {Hoping for ...Kg5.} 47. Rxf6+ $2 {[%mdl 8192]} (47. Kg3 $17) 47... Rxf6 $19 48. Nxf6 $17 {KR-KN} Kg5 49. Nxh7+ Kxg4 50. Nf6+ Kf4 51. Nh5+ Kxe4 52. Ng3+ Kd5 53. Kf3 Rc4 54. Ke2 Ra4 $2 (54... Rc2+ 55. Ke3 Rc3+ 56. Ke2 e4) 55. Nf5 $2 (55. f3) 55... Ke6 $2 (55... Ke4 56. Ng3+ Kf4 57. Nh5+ Kg5) 56. Ne3 Kf6 57. Nd5+ $2 (57. Kf3 {is tougher.}) 57... Kf5 $19 58. Kf3 e4+ 59. Kg3 {and the idea Ne3+ leaves White hopeful.} Ra3+ 60. Ne3+ Kg5 {Black mates.} 61. Kg2 {[#]} Rxe3 $1 {[%mdl 512]} 62. fxe3 {KP-KP} Kg4 $1 63. Kf2 Kh3 $1 64. Kf1 Kg3 $1 65. Ke2 {[#]} Kg2 $1 66. Ke1 Kf3 67. Kd2 Kf2 68. Kd1 Kxe3 69. Ke1 Kf3 70. Kf1 {[#]} e3 $1 71. Ke1 e2 {Accuracy: White = 34%, Black = 56%.} 0-1